Teoría del lenguaje
שמור ב:
| מחבר ראשי: | |
|---|---|
| פורמט: | ספר |
| שפה: | Undetermined |
| יצא לאור: |
Madrid, España
Revista de Occidente
1961
|
| מהדורה: | 2 |
| נושאים: | |
| תגים: |
הוספת תג
אין תגיות, היה/י הראשונ/ה לתייג את הרשומה!
|
MARC
| LEADER | 00000nam a2200000Ia 4500 | ||
|---|---|---|---|
| 008 | 170316s9999 xx 000 0 und d | ||
| 040 | |a cru BVZT | ||
| 090 | |a 410 B-29t | ||
| 100 | |a Bühler, Karl | ||
| 245 | |a Teoría del lenguaje |c Karl Bühler , Julián Marías, tradcutor | ||
| 250 | |a 2 | ||
| 260 | |a Madrid, España | ||
| 260 | |b Revista de Occidente | ||
| 260 | |c 1961 | ||
| 300 | |a 497 páginas | ||
| 650 | 0 | |a LINGÜÍSTICA |9 55 | |
| 650 | 0 | |a HABLA-ESTRUCTURA |9 201 | |
| 650 | 0 | |a SIGNOS LINGÜÍSTICOS |9 202 | |
| 999 | |c 18248 |d 18248 | ||
| 942 | |c LIB |h 410 B-29t |2 z | ||
